000
00303nam a2200157Ia 4500
100
_a
Maurier/Daphne Du
650
_a
Ficiton
942
_c
BK
366
_f
20
245
_a
Rebecca
260
_b
Avon books
_c
1938
082
_a
808.83/MAU
_b
MAU
300
_a
380
546
_a
ENGLISH
999
_c
21563
_d
21563